Countries that played a football match against Montenegro (2007-2025) - Statistics

General Stats
  • This quiz has been taken 123 times
    18 since last reset
  • The average score is 45 of 53
Answer Stats
Country % Correct
Belarus
100%
Czech Republic
100%
Finland
100%
Greece
100%
Hungary
100%
Ireland
100%
Latvia
100%
Lithuania
100%
Romania
100%
Russia
100%
Serbia
100%
Slovakia
100%
Sweden
100%
Ukraine
100%
Armenia
94%
Austria
94%
Azerbaijan
94%
Croatia
94%
Denmark
94%
England
94%
Estonia
94%
Georgia
94%
Italy
94%
North Macedonia
94%
Norway
94%
Poland
94%
Slovenia
94%
Turkey
94%
Albania
88%
Belgium
88%
Bosnia and Herzegovina
88%
Israel
88%
San Marino
88%
Switzerland
88%
Gibraltar
82%
Iceland
82%
Kosovo
82%
Bulgaria
76%
Cyprus
76%
Japan
76%
Wales
76%
Kazakhstan
71%
Luxembourg
71%
Moldova
71%
Netherlands
71%
Northern Ireland
71%
Liechtenstein
65%
Faroe Islands
59%
Iran
53%
Lebanon
47%
Uzbekistan
35%
Colombia
29%
Ghana
29%
No matching quizzes found
Score Distribution
Percent of People with Each Score
Percentile by Number Answered
Your Score History
You have not taken this quiz since the last reset